000 00335nam a2200133Ia 4500
008 240624s9999 xx 000 0 und d
041 _aeng
082 _a920 TYS
100 _aTYSON MIKE
245 _aUNDISPUTED TRUTH MY AUTOBIOGRAPHY
260 _c2013
_aNew Delhi
_bHarperCollins
300 _a564 : p. : cm. ; 21
365 _cRS
_b30
999 _c26840
_d26840